Best Selling Female Musical Acts - Statistics

General Stats
  • This quiz has been taken 179 times
  • The average score is 18 of 39
Answer Stats
Sales Since Answer % Correct
335 M 1982 Madonna
92%
160 M 2003 Beyoncé
84%
200 M 2006 Taylor Swift
80%
220 M 1990 Mariah Carey
76%
250 M 2005 Rihanna
73%
200 M 1984 Whitney Houston
73%
200 M 1998 Britney Spears
72%
200 M 1981 Celine Dion
68%
75 M 1961 Aretha Franklin
67%
124 M 2008 Lady Gaga
67%
143 M 2001 Katy Perry
65%
100 M 1999 Christina Aguilera
61%
120 M 2008 Adele
59%
85 M 2011 Ariana Grande
56%
100 M 1965 Cher
56%
100 M 1970 Diana Ross
56%
100 M 1959 Dolly Parton
52%
100 M 1982 Janet Jackson
52%
150 M 1962 Barbra Streisand
50%
100 M 1964 Tina Turner
44%
100 M 2010 Nicki Minaj
43%
75 M 2007 Miley Cyrus
39%
135 M 2000 Pink
39%
80 M 1991 Shakira
39%
100 M 1993 Shania Twain
39%
75 M 1999 Jennifer Lopez
36%
90 M 2001 Alicia Keys
34%
100 M 1968 Donna Summer
33%
90 M 2002 Avril Lavigne
30%
75 M 1991 Alanis Morissette
28%
80 M 1987 Kylie Minogue
24%
75 M 1956 Carole King
19%
100 M 1966 Olivia Newton-John
17%
75 M 1977 Gloria Estefan
14%
90 M 1976 Reba McEntire
13%
100 M 1962 Dionne Warwick
12%
100 M 1967 Linda Ronstadt
12%
80 M 1987 Enya
10%
80 M 1998 Ayumi Hamasaki
2%
No matching quizzes found
Score Distribution
Percent of People with Each Score
Percentile by Number Answered
Your Score History
You have not taken this quiz